Loading...

Dark fear, Eerie Cities New Hindi Cinema in Neoliberal India

Bibliographic Details
Main Author: Paunksnis
Format: Printed Book
Published: UK Oxford 2019
LEADER 00418nam a22001217a 4500
999 |c 278756  |d 278756 
020 |a 9780199493180 
082 |a 791.43  |b PAU. D 
100 |a Paunksnis 
245 |a Dark fear, Eerie Cities  |b New Hindi Cinema in Neoliberal India 
260 |a UK  |b Oxford  |c 2019 
942 |c BK 
952 |0 0  |1 0  |4 0  |6 791_430000000000000_PAU__D  |7 0  |9 297187  |a CAMPUS  |b CAMPUS  |d 2020-03-13  |l 0  |o 791.43 PAU. D  |p 28553  |r 2020-03-13  |w 2020-03-13  |y BK